Football Teams Joaquín Sánchez Played For - Statistics

General Stats
  • This quiz has been taken 21 times
  • The average score is 5 of 6
Answer Stats
League Years Team % Correct
Spain 2000-2006 Real Betis Balompié
87%
Spain 2015-2023 Real Betis Balompié
87%
Italy 2013-2015 ACF Fiorentina
80%
Spain 1999-2000 Betis Deportivo Balompié
80%
Spain 2011-2013 Málaga CF
80%
Spain 2006-2011 Valencia CF
67%
No matching quizzes found
Score Distribution
Percent of People with Each Score
Percentile by Number Answered
Your Score History
You have not taken this quiz